Regime theory and international relations
Αποθηκεύτηκε σε:
| Άλλοι συγγραφείς: | |
|---|---|
| Μορφή: | Βιβλίο |
| Γλώσσα: | English |
| Δημοσίευση: |
Oxford :
Clarendon Press,
1993.
|
| Θέματα: | |
| Ετικέτες: |
Προσθήκη ετικέτας
Δεν υπάρχουν, Καταχωρήστε ετικέτα πρώτοι!
|
MARC
| LEADER | 00000cam a2200000 a 4500 | ||
|---|---|---|---|
| 001 | 1/106386 | ||
| 008 | 150519s1993####enk| ||| |||| ||eng|| | ||
| 020 | |a 0198280297 | ||
| 040 | |a GR-MyUa |b gre |c GR-MyUa |e AACR2 | ||
| 041 | 0 | |a eng | |
| 082 | 7 | |a 327 |2 (23) | |
| 245 | 0 | 0 | |a Regime theory and international relations / |c edited by Volker Rittberger ; with the assistance of Peter Mayer. |
| 260 | |a Oxford : |b Clarendon Press, |c 1993. | ||
| 300 | |a xix, 470 σ. ; |c 23 εκ. | ||
| 504 | |a Βιβλιογραφία: σ. [431]-458. | ||
| 650 | 0 | |a International relations. | |
| 650 | 0 | |a Social norms. | |
| 650 | 0 | |a International relations |x Social aspects. | |
| 700 | 1 | |a Rittberger, Volker. | |
| 852 | |a INST |b RHODES |e 20150519 |h 327 REG |p 005400037721 |q 005400037721 |t BK |y 0 | ||
| 970 | |z 19-05-2015 | ||